Návrh web-stránky pre potreby konkrétneho podniku bakalárska práca

Saved in:
Bibliographic Details
Main Author: Tyukos, Gergö
Corporate Author: Fakulta podnikového manažmentu EU. Katedra informačného manažmentu
Other Authors: Beláňová, Benita, 1973-
Format: Book
Language:Slovak
Published: Bratislava 2011
Tags: Add Tag
No Tags, Be the first to tag this record!

MARC

LEADER 00000nam a2200000 4500
001 0161127
005 20240320072104.0
041 0 |a slo 
044 |a SK 
245 1 0 |a Návrh web-stránky pre potreby konkrétneho podniku  |b bakalárska práca  |c Gergö Tyukos ; školiteľ: Benita Beláňová 
264 1 |a Bratislava  |c 2011 
300 |a 49 s. 
100 1 |a Tyukos, Gergö 
700 1 |a Beláňová, Benita, 1973- 
710 2 |a Fakulta podnikového manažmentu EU. Katedra informačného manažmentu